[Event "Titled Tue 26th Aug Late"]
[Site "chess.com INT"]
[Date "2025.08.26"]
[Round "11"]
[White "Tsvetkov, Andrey"]
[Black "Kleimenov, Nikolay"]
[Result "1-0"]
[WhiteTitle "IM"]
[BlackTitle "CM"]
[WhiteElo "2403"]
[BlackElo "2244"]
[WhiteFideId "34139360"]
[BlackFideId "34414223"]
[EventDate "2025.08.26"]

1. d4 Nf6 2. c4 g6 3. Nc3 Bg7 4. e4 d6 5. h3 O-O 6. Be3 Nc6 7. Nge2 e5 8. d5 Nd4
9. Qd2 Nxe2 10. Bxe2 a5 11. O-O Nd7 12. b3 f5 13. f3 f4 14. Bf2 g5 15. a3 Nf6
16. b4 h5 17. c5 g4 18. Bh4 Nxe4 19. Bxd8 Nxd2 20. Bxc7 Nxf1 21. Rxf1 axb4 22.
axb4 dxc5 23. bxc5 gxh3 24. Bc4 Ra4 25. Nxa4 1-0

[Event "Titled Tue 26th Aug Late"]
[Site "chess.com INT"]
[Date "2025.08.26"]
[Round "11"]
[White "Ibarra Jerez, Jose Carlos"]
[Black "Cevizci, Yusuf Baran"]
[Result "1-0"]
[WhiteTitle "GM"]
[BlackTitle "CM"]
[WhiteElo "2545"]
[BlackElo "2094"]
[WhiteFideId "2226332"]
[BlackFideId "34565400"]
[EventDate "2025.08.26"]

1. e4 e6 2. d4 d5 3. Nc3 Nf6 4. Bg5 Be7 5. e5 Nfd7 6. Bxe7 Qxe7 7. Qg4 f6 8.
exf6 Nxf6 9. Qh4 c5 10. dxc5 Qxc5 11. Bd3 Nc6 12. O-O-O Bd7 13. Nf3 O-O-O 14.
Rhe1 h6 15. Bg6 Kb8 16. Qg3+ Ka8 17. Kb1 d4 18. Ne4 Qd5 19. Nxf6 gxf6 20. Be4
Qc5 21. Qf4 f5 22. Bxc6 Bxc6 23. Nxd4 Bxg2 24. Nxe6 Rxd1+ 25. Rxd1 Qc6 26. Nc7+
Kb8 27. Na6+ Ka8 28. Nc7+ Kb8 29. Nb5+ Ka8 30. Qd4 b6 31. Qxh8+ 1-0

[Event "Titled Tue 26th Aug Late"]
[Site "chess.com INT"]
[Date "2025.08.26"]
[Round "11"]
[White "Grot, Blazej"]
[Black "Bardyk, Artem"]
[Result "0-1"]
[WhiteTitle "CM"]
[BlackTitle "FM"]
[WhiteElo "2207"]
[BlackElo "2332"]
[WhiteFideId "21835845"]
[BlackFideId "34349979"]
[EventDate "2025.08.26"]

1. e4 c6 2. d4 d5 3. e5 Bf5 4. Nf3 e6 5. Be2 Nd7 6. O-O a5 7. a4 f6 8. c4 fxe5
9. dxe5 Bc5 10. Nbd2 Ne7 11. Nb3 Ba7 12. Nfd4 O-O 13. g4 c5 14. Nxf5 exf5 15.
cxd5 Nxe5 16. d6 N7g6 17. Qd5+ Kh8 18. Be3 c4 19. Nd4 f4 20. Ne6 Qh4 21. Bxa7 f3
22. Kh1 Nxg4 23. Nxf8 Qxh2# 0-1

[Event "Titled Tue 26th Aug Late"]
[Site "chess.com INT"]
[Date "2025.08.26"]
[Round "11"]
[White "Zakarian, David"]
[Black "Leiva, Gianmarco"]
[Result "0-1"]
[WhiteTitle "FM"]
[BlackTitle "IM"]
[WhiteElo "2301"]
[BlackElo "2379"]
[WhiteFideId "13301276"]
[BlackFideId "3804399"]
[EventDate "2025.08.26"]

1. e4 c5 2. Nf3 d6 3. Bc4 Nf6 4. O-O e6 5. d4 d5 6. exd5 exd5 7. Re1+ Be7 8. Bf1
O-O 9. dxc5 Bxc5 10. h3 Nc6 11. Be3 d4 12. Bg5 h6 13. Bh4 Bf5 14. Bd3 Bxd3 15.
Qxd3 Nb4 16. Qf5 Qd5 17. Re5 Qd7 18. Bxf6 Qxf5 19. Rxf5 Bb6 20. Be7 Nxc2 21.
Bxf8 Rxf8 22. Na3 Nxa1 23. Rd5 Rc8 24. Kf1 Nc2 25. Nxc2 Rxc2 26. a4 d3 27. a5
Rc1+ 28. Ne1 Bxa5 0-1

[Event "Titled Tue 26th Aug Late"]
[Site "chess.com INT"]
[Date "2025.08.26"]
[Round "11"]
[White "Schuster, Karsten"]
[Black "Sakhayi, Mostafa"]
[Result "0-1"]
[WhiteTitle "FM"]
[BlackTitle "CM"]
[WhiteElo "2266"]
[BlackElo "2166"]
[WhiteFideId "4611071"]
[BlackFideId "12512532"]
[EventDate "2025.08.26"]

1. Nf3 d5 2. b3 c5 3. Bb2 f6 4. d4 cxd4 5. Nxd4 e5 6. Nf3 Nc6 7. e3 Be6 8. Be2
Bb4+ 9. c3 Ba5 10. O-O Nge7 11. Nbd2 O-O 12. c4 d4 13. exd4 exd4 14. Ne4 Bf5 15.
Ng3 d3 16. Nxf5 dxe2 17. Qxe2 Nxf5 18. Qe6+ Rf7 19. Qxf5 Bc7 20. Rad1 Qf8 21.
Rfe1 Re8 22. h3 Rxe1+ 23. Rxe1 Re7 24. Rxe7 Qxe7 25. Qc8+ Kf7 26. Qf5 g6 27.
Qd5+ Kg7 28. Bc3 h6 29. Nd4 Nxd4 30. Bxd4 Qe1# 0-1

[Event "Titled Tue 26th Aug Late"]
[Site "chess.com INT"]
[Date "2025.08.26"]
[Round "11"]
[White "Rabin, Evan"]
[Black "Sobek, Jaroslav"]
[Result "1-0"]
[BlackTitle "FM"]
[WhiteElo "1945"]
[BlackElo "2195"]
[WhiteFideId "2028670"]
[BlackFideId "301388"]
[EventDate "2025.08.26"]

1. e4 c5 2. Nf3 a6 3. c4 Nc6 4. d4 cxd4 5. Nxd4 e5 6. Nf5 d5 7. cxd5 Bxf5 8.
exf5 Nd4 9. Nc3 Nf6 10. Bd3 Be7 11. O-O g6 12. Re1 Nxd5 13. Rxe5 Nxc3 14. bxc3
Nc6 15. Re1 O-O 16. Bh6 Re8 17. Qf3 Bf6 18. fxg6 Rxe1+ 19. Rxe1 hxg6 20. Bc4 Ne5
21. Rxe5 Bxe5 22. Qxf7+ Kh8 23. Qxg6 Qd1+ 24. Bf1 Rg8 25. Qe6 Bxc3 26. Qh3 1-0

[Event "Titled Tue 26th Aug Late"]
[Site "chess.com INT"]
[Date "2025.08.26"]
[Round "11"]
[White "Yagiz, Yasin Emrah"]
[Black "Shandrygin, Nikita"]
[Result "0-1"]
[WhiteTitle "FM"]
[BlackTitle "FM"]
[WhiteElo "2107"]
[BlackElo "2209"]
[WhiteFideId "6303684"]
[BlackFideId "24198668"]
[EventDate "2025.08.26"]

1. Nf3 d5 2. c4 Nf6 3. cxd5 Nxd5 4. g3 g6 5. Bg2 Bg7 6. d4 Nb6 7. O-O Nc6 8. e3
O-O 9. Nc3 h6 10. h3 Re8 11. b3 e5 12. d5 e4 13. Nd4 Nxd4 14. exd4 Nxd5 15. Nxe4
Bxh3 16. Bxh3 Rxe4 17. Bb2 c6 18. Qf3 Qe7 19. Rad1 Re8 20. Rd2 f5 21. Rfd1 h5
22. Bf1 Bh6 23. Rc2 h4 24. Bc1 Bxc1 25. Rcxc1 hxg3 26. fxg3 Re3 27. Qf2 Qg5 28.
Kg2 f4 29. Rd3 f3+ 30. Kg1 Rxd3 31. Qc2 Qxg3+ 0-1

[Event "Titled Tue 26th Aug Late"]
[Site "chess.com INT"]
[Date "2025.08.26"]
[Round "11"]
[White "Kovacs, Reka"]
[Black "Gerbelli Neto, Eduardo"]
[Result "0-1"]
[WhiteTitle "WCM"]
[WhiteElo "1915"]
[BlackElo "2114"]
[WhiteFideId "790702"]
[BlackFideId "2103281"]
[EventDate "2025.08.26"]

1. e4 e5 2. Nf3 Nc6 3. Bc4 Nf6 4. Ng5 d5 5. exd5 Nd4 6. c3 b5 7. cxd4 bxc4 8.
dxe5 Qxd5 9. O-O Bb7 10. Qf3 Qxf3 11. Nxf3 Nd5 12. Nc3 Nb4 13. Nd4 O-O-O 14. Nf5
Nd3 15. Rd1 Bc5 16. Ne3 Bd4 17. Nb5 Bxe5 18. Nxa7+ Kb8 19. Nb5 Rhe8 20. Nc3 Bd4
21. a4 Re6 22. Rb1 Rg6 23. g3 Ne5 0-1

[Event "Titled Tue 26th Aug Late"]
[Site "chess.com INT"]
[Date "2025.08.26"]
[Round "11"]
[White "Subervi, Jonathan Sigfredo"]
[Black "Harish, Neeraj"]
[Result "1-0"]
[WhiteTitle "FM"]
[BlackTitle "CM"]
[WhiteElo "2007"]
[BlackElo "2028"]
[WhiteFideId "6400345"]
[BlackFideId "30958130"]
[EventDate "2025.08.26"]

1. d4 Nf6 2. Nf3 d5 3. Bf4 e6 4. e3 Bd6 5. Nbd2 O-O 6. c3 Bxf4 7. exf4 c5 8.
dxc5 Qc7 9. g3 Qxc5 10. Bd3 Nc6 11. O-O Qe7 12. Re1 Qc7 13. Ne5 h6 14. Ndf3 b6
15. Nxc6 Qxc6 16. Nd4 Qc7 17. Qf3 Bb7 18. Re3 a6 19. Rae1 Rfe8 20. g4 Ne4 21. h4
Qe7 22. g5 hxg5 23. hxg5 g6 24. Qh1 Qf8 25. Rh3 Qg7 26. f3 Nd6 27. Re2 e5 28.
Reh2 Kf8 29. Rh7 exd4 30. Rxg7 Kxg7 31. Rh7+ Kf8 32. Qh6+ Ke7 33. Bxg6 dxc3 34.
bxc3 1-0

[Event "Titled Tue 26th Aug Late"]
[Site "chess.com INT"]
[Date "2025.08.26"]
[Round "11"]
[White "Zampronha, Wladimir Camilo"]
[Black "Clawitter, Craig"]
[Result "0-1"]
[WhiteElo "2157"]
[BlackElo "2050"]
[WhiteFideId "2103087"]
[BlackFideId "2023105"]
[EventDate "2025.08.26"]

1. e4 e5 2. Nf3 Nc6 3. d4 exd4 4. Nxd4 Bc5 5. Be3 Qf6 6. c3 Nge7 7. Bc4 Ne5 8.
Be2 Qg6 9. O-O d6 10. f4 Ng4 11. Bc1 f5 12. Bxg4 fxg4 13. f5 Qh5 14. Bf4 O-O 15.
Nd2 Nc6 16. Nb3 Bb6 17. Kh1 Ne5 18. Qe2 Bd7 19. Rad1 Rae8 20. Bxe5 Rxe5 21. h3
Qe8 22. Rf4 gxh3 23. gxh3 c5 24. Nf3 Rexf5 25. Rxf5 Bxf5 26. Qc4+ Be6 27. Qd3 c4
28. Qxd6 Rxf3 29. Nd4 Rxh3+ 30. Kg2 Qg6+ 31. Kf2 Qg3+ 32. Ke2 Qxd6 0-1

[Event "Titled Tue 26th Aug Late"]
[Site "chess.com INT"]
[Date "2025.08.26"]
[Round "11"]
[White "Mizzi, Jack"]
[Black "Peek, Maurice"]
[Result "1-0"]
[WhiteTitle "CM"]
[BlackTitle "IM"]
[WhiteElo "2130"]
[BlackElo "2381"]
[WhiteFideId "5602521"]
[BlackFideId "1004239"]
[EventDate "2025.08.26"]

1. d4 Nf6 2. c4 e6 3. Nf3 Bb4+ 4. Nbd2 O-O 5. g3 b6 6. Bg2 Bb7 7. O-O Bxd2 8.
Bxd2 Be4 9. Rc1 d5 10. b3 Nbd7 11. Bf4 Nh5 12. Be3 c6 13. Ne5 Nxe5 14. dxe5 Bxg2
15. Kxg2 g6 16. g4 Ng7 17. Qd2 f6 18. exf6 Qxf6 19. Bg5 Qf7 20. cxd5 exd5 21.
Rxc6 Qd7 22. Rc4 Ne6 23. Bh6 Rfd8 24. Rd1 Qb7 25. Rd4 Nxd4 26. Qxd4 Qf7 27. e4
Rac8 28. exd5 Rc5 29. d6 g5 30. Re1 Qg6 31. d7 Qc6+ 32. Kg1 Rxd7 33. Re8+ Kf7
34. Qg7+ 1-0

[Event "Titled Tue 26th Aug Late"]
[Site "chess.com INT"]
[Date "2025.08.26"]
[Round "11"]
[White "Bluebaum, Matthias"]
[Black "Germanovs, Georgijs"]
[Result "0-1"]
[WhiteTitle "GM"]
[BlackTitle "CM"]
[WhiteElo "2660"]
[BlackElo "2260"]
[WhiteFideId "24651516"]
[BlackFideId "11609710"]
[EventDate "2025.08.26"]

1. d4 Nf6 2. c4 c5 3. d5 b5 4. cxb5 a6 5. bxa6 Bxa6 6. Nc3 d6 7. e4 Bxf1 8. Kxf1
g6 9. g3 Bg7 10. Kg2 O-O 11. Nf3 Nbd7 12. a4 Ra6 13. Qc2 Qa8 14. Re1 Rb8 15. Ra3
Rb4 16. Bd2 Ng4 17. b3 c4 18. bxc4 Rxc4 19. Qa2 Qc8 20. Nb5 Rc2 21. Qb1 Rb2 22.
Rc1 Nc5 23. Qd3 Qb7 24. Rxc5 dxc5 25. h3 Ne5 26. Nxe5 Bxe5 27. Rb3 c4 28. Qxc4
Rxd2 29. Nd4 Qa7 30. Qc8+ Kg7 0-1

[Event "Titled Tue 26th Aug Late"]
[Site "chess.com INT"]
[Date "2025.08.26"]
[Round "11"]
[White "Palczert, Matyas"]
[Black "Gabrielian, Artur"]
[Result "1-0"]
[WhiteTitle "FM"]
[BlackTitle "GM"]
[WhiteElo "2427"]
[BlackElo "2407"]
[WhiteFideId "784958"]
[BlackFideId "4131002"]
[EventDate "2025.08.26"]

1. e4 c5 2. Nf3 d6 3. d4 cxd4 4. Nxd4 Nf6 5. Nc3 Nc6 6. Bg5 Bd7 7. Qd2 Rc8 8.
O-O-O Nxd4 9. Qxd4 Qa5 10. f4 h6 11. Bxf6 gxf6 12. Qe3 Qc5 13. Qe1 h5 14. Kb1 e6
15. Bd3 Be7 16. Rf1 b5 17. f5 b4 18. fxe6 fxe6 19. Ne2 Rg8 20. Nf4 a5 21. Qe2 h4
22. Rfe1 Qe5 23. Qf2 a4 24. Be2 a3 25. Nd3 Qxh2 26. Bh5+ Kf8 27. Nf4 Qg3 28. Qf1
axb2 29. e5 Ba4 30. Nxe6# 1-0

[Event "Titled Tue 26th Aug Late"]
[Site "chess.com INT"]
[Date "2025.08.26"]
[Round "11"]
[White "Jimenez Salas, Maria Teresa"]
[Black "Chahin Godoy, Angel Eduardo"]
[Result "0-1"]
[WhiteTitle "WIM"]
[BlackTitle "CM"]
[WhiteElo "2249"]
[BlackElo "2002"]
[WhiteFideId "3843866"]
[BlackFideId "8404925"]
[EventDate "2025.08.26"]

1. e4 e6 2. d4 d5 3. Nc3 Bb4 4. e5 c5 5. Qg4 Ne7 6. dxc5 Bxc3+ 7. bxc3 Ng6 8.
Nf3 Nd7 9. Bd3 Nxc5 10. O-O O-O 11. Ba3 b6 12. Qh5 Nxd3 13. cxd3 Re8 14. Rab1
Ba6 15. Rfd1 Rc8 16. Bb4 Nf4 17. Qg4 Ne2+ 18. Kh1 Nxc3 19. Bxc3 Rxc3 20. Qd4 Qc7
21. h4 h6 22. h5 Rc8 23. Kh2 Qc5 24. Qa4 Bxd3 25. Rb2 Bc2 26. Qd4 Bxd1 27. Qxd1
Qc4 28. g3 Qg4 29. Kg2 Qxh5 30. Rb3 Rxb3 31. Qxb3 Rc1 32. Ng1 Qd1 33. Qb5 Qxg1+
34. Kf3 Qh1+ 35. Kg4 Qe4+ 36. f4 h5+ 37. Kxh5 Qf5+ 0-1

[Event "Titled Tue 26th Aug Late"]
[Site "chess.com INT"]
[Date "2025.08.26"]
[Round "11"]
[White "Rosen, Eric"]
[Black "Zouaghi, Amir"]
[Result "1-0"]
[WhiteTitle "IM"]
[BlackTitle "FM"]
[WhiteElo "2377"]
[BlackElo "2301"]
[WhiteFideId "2032562"]
[BlackFideId "249262"]
[EventDate "2025.08.26"]

1. d4 c5 2. d5 e5 3. e4 d6 4. Nc3 Be7 5. Nf3 f5 6. Bb5+ Bd7 7. exf5 Bxb5 8. Nxb5
Qd7 9. a4 a6 10. Nc3 Qxf5 11. Qe2 Nf6 12. O-O O-O 13. a5 Nbd7 14. Ra4 Nh5 15.
Ne4 Rae8 16. Ng3 Nxg3 17. hxg3 Nf6 18. Rd1 Bd8 19. b3 Nd7 20. Be3 Nf6 21. Ng5
Nxd5 22. Rxd5 Bxg5 23. Bxg5 Qxg5 24. Rxd6 Rd8 25. Rxd8 Rxd8 26. Ra1 Qd2 27. Qc4+
Qd5 28. Rd1 1-0

[Event "Titled Tue 26th Aug Late"]
[Site "chess.com INT"]
[Date "2025.08.26"]
[Round "11"]
[White "Lisenkov, Svyatoslav"]
[Black "Tang, Austin"]
[Result "1-0"]
[WhiteTitle "FM"]
[WhiteElo "2343"]
[BlackElo "1920"]
[WhiteFideId "34264183"]
[BlackFideId "30964580"]
[EventDate "2025.08.26"]

1. c4 e5 2. Nc3 Nf6 3. d3 Be7 4. f4 Nc6 5. Nf3 d6 6. e4 O-O 7. Be2 Nd4 8. O-O a6
9. fxe5 Nxf3+ 10. Bxf3 dxe5 11. Bg5 c6 12. Bxf6 Bxf6 13. Bg4 Qb6+ 14. Kh1 Bxg4
15. Qxg4 Kh8 16. Ne2 Rad8 17. Rad1 Qe3 18. Qf3 Qxf3 19. Rxf3 Rd6 20. Ng3 g6 21.
Rdf1 Kg7 22. h3 c5 23. Ne2 Rfd8 24. Nc3 R8d7 25. Nd5 Bd8 26. a4 h5 27. g3 h4 28.
g4 Bg5 29. Kg2 f6 30. Kf2 Rd8 31. Ke2 Rb8 32. a5 Rf8 33. Kd1 Bf4 34. Kc2 g5 35.
b4 cxb4 36. Rb1 Bg3 37. Rxb4 Rf7 38. Ne3 Kg6 39. Nf5 Rc6 40. Rf1 Rc5 41. Rfb1
Rxa5 42. Rxb7 Ra2+ 43. Kd1 Rh2 44. Rxf7 Kxf7 45. Rb7+ Kf8 46. c5 Rxh3 47. c6
Rh1+ 48. Kc2 Bf4 49. c7 Rc1+ 50. Kb2 h3 51. Rb8+ Kf7 52. c8=Q 1-0

[Event "Titled Tue 26th Aug Late"]
[Site "chess.com INT"]
[Date "2025.08.26"]
[Round "11"]
[White "Goldin, Roman"]
[Black "Ferreira, Vitor Hugo Vieira"]
[Result "0-1"]
[WhiteTitle "FM"]
[WhiteElo "2284"]
[BlackElo "2128"]
[WhiteFideId "2803860"]
[BlackFideId "2119765"]
[EventDate "2025.08.26"]

1. e4 c5 2. Nf3 d6 3. Bc4 Nf6 4. e5 dxe5 5. Nxe5 e6 6. Qe2 a6 7. a4 Bd6 8. f4
O-O 9. d3 Nbd7 10. Nd2 Qc7 11. Ndf3 b6 12. O-O Bb7 13. Nxd7 Nxd7 14. Ng5 Bd5 15.
Bxd5 exd5 16. Bd2 Rfe8 17. Qf3 Nf6 18. c4 h6 19. h4 dxc4 20. dxc4 hxg5 21. hxg5
Ne4 22. Bc3 Nxc3 23. bxc3 Rad8 24. f5 Bf8 25. g6 Re5 26. Qh5 fxg6 27. Qxg6 Qf7
28. Qg4 Rd6 29. Rf3 Rf6 30. Raf1 Qe8 31. Qg5 Re1 32. g4 Rxf1+ 33. Kxf1 Qe4 34.
Qf4 Qxf4 35. Rxf4 g6 36. Ke2 gxf5 37. gxf5 Kf7 38. Kf3 Bd6 39. Rh4 Rxf5+ 40. Ke4
Re5+ 0-1

[Event "Titled Tue 26th Aug Late"]
[Site "chess.com INT"]
[Date "2025.08.26"]
[Round "11"]
[White "Rogov, Matfey"]
[Black "Pribelszky, Bence"]
[Result "0-1"]
[WhiteTitle "FM"]
[BlackTitle "IM"]
[WhiteElo "2348"]
[BlackElo "2428"]
[WhiteFideId "44191308"]
[BlackFideId "769738"]
[EventDate "2025.08.26"]

1. Nf3 d5 2. g3 Nf6 3. Bg2 c5 4. O-O Nc6 5. a3 e5 6. c3 e4 7. Ne1 h5 8. h4 Bg4
9. d3 exd3 10. Nxd3 Bd6 11. Bg5 Qd7 12. Bxf6 gxf6 13. b4 c4 14. Nb2 Ne7 15. Bxd5
Nxd5 16. Qxd5 Be6 17. Qf3 O-O-O 18. e4 Rhg8 19. Nd1 Qc7 20. Kg2 Bg4 21. Qe3 Be5
22. f4 Rd3 23. Qf2 Bxd1 24. Rxd1 Rxd1 25. fxe5 Qxe5 26. Nd2 Rxa1 0-1

[Event "Titled Tue 26th Aug Late"]
[Site "chess.com INT"]
[Date "2025.08.26"]
[Round "11"]
[White "Young, Cohen"]
[Black "Sroczynski, Maciej"]
[Result "1-0"]
[WhiteTitle "CM"]
[BlackTitle "FM"]
[WhiteElo "2030"]
[BlackElo "2236"]
[WhiteFideId "4317440"]
[BlackFideId "1121472"]
[EventDate "2025.08.26"]

1. e4 c5 2. Nf3 d6 3. d4 cxd4 4. Nxd4 Nf6 5. Nc3 a6 6. f3 e5 7. Nb3 Be7 8. Be3
O-O 9. Qd2 Be6 10. O-O-O b5 11. g4 Nbd7 12. g5 b4 13. Ne2 Ne8 14. f4 a5 15. f5
a4 16. fxe6 axb3 17. exf7+ Rxf7 18. cxb3 Rxa2 19. Kb1 Qa8 20. Ng3 Ra1+ 21. Kc2
Qc6+ 22. Bc4 Rxd1 23. Kxd1 Kf8 24. Bxf7 Kxf7 25. Rf1+ Kg8 26. Nf5 Bf8 27. Qd5+
Qxd5+ 28. exd5 Nc7 29. Ke2 g6 30. Nh6+ Bxh6 31. gxh6 Nxd5 32. Rd1 N7f6 33. Bg5
Nf4+ 34. Bxf4 exf4 35. Rxd6 Ng4 36. Kf3 Nxh6 37. Kxf4 Nf7 38. Rb6 Kg7 39. Rxb4
h6 40. Rd4 g5+ 41. Kf5 h5 42. b4 g4 43. b5 Nh6+ 44. Kf4 Kf6 45. b6 1-0

[Event "Titled Tue 26th Aug Late"]
[Site "chess.com INT"]
[Date "2025.08.26"]
[Round "11"]
[White "Kulik, Nicolas"]
[Black "Khanbutaev, Artemii"]
[Result "1-0"]
[WhiteElo "2111"]
[BlackElo "2145"]
[WhiteFideId "3009530"]
[BlackFideId "55747175"]
[EventDate "2025.08.26"]

1. e4 e5 2. Nf3 Nc6 3. Bb5 a6 4. Ba4 Nf6 5. O-O Be7 6. Re1 b5 7. Bb3 d6 8. c3
Na5 9. Bc2 c5 10. h3 Qc7 11. d3 O-O 12. Nbd2 Nc6 13. a4 b4 14. Nc4 Be6 15. Ne3
Rab8 16. Bb3 bxc3 17. Bxe6 cxb2 18. Bxb2 fxe6 19. Bc3 Nd4 20. Bxd4 cxd4 21. Nc4
Nd7 22. Rc1 Qa7 23. Qc2 Rfc8 24. Qa2 Nc5 25. a5 Nxd3 26. Ncxe5 Nc5 27. Rxc5 d5
28. Rxc8+ Rxc8 29. exd5 Bb4 30. dxe6 Qe7 31. Rb1 Bd6 32. Rb7 Rc1+ 33. Kh2 Bxe5+
34. Nxe5 Qd6 35. e7+ Kh8 36. Qd5 Qxe5+ 37. Qxe5 Rc8 38. e8=R+ Rxe8 39. Qxe8# 1-0

[Event "Titled Tue 26th Aug Late"]
[Site "chess.com INT"]
[Date "2025.08.26"]
[Round "11"]
[White "Leitgeb, Julian"]
[Black "Shurakov, Denis"]
[Result "1/2-1/2"]
[WhiteTitle "FM"]
[BlackTitle "CM"]
[WhiteElo "2311"]
[BlackElo "2085"]
[WhiteFideId "1663771"]
[BlackFideId "4149734"]
[EventDate "2025.08.26"]

1. Nf3 b6 2. g3 Bb7 3. Bg2 Nf6 4. O-O g6 5. d3 Bg7 6. e4 O-O 7. Nc3 d6 8. Nd2 c6
9. f4 Nbd7 10. Nf3 e6 11. h3 c5 12. g4 a6 13. f5 exf5 14. exf5 gxf5 15. gxf5 b5
16. Bf4 Qc7 17. Qd2 Kh8 18. Qf2 b4 19. Ne2 Rae8 20. Ng3 Nd5 21. Bc1 Ne5 22. Kh1
Nxf3 23. Bxf3 Bd4 24. Qg2 Ne3 25. Bxe3 Bxf3 26. Rxf3 Rxe3 27. Rxe3 Bxe3 28. c3
Rg8 29. Qf3 d5 30. Nh5 d4 31. Rf1 Qe5 32. c4 Rg5 33. Qa8+ Rg8 34. Qf3 Rg5 35.
Qa8+ Rg8 36. Qf3 1/2-1/2

[Event "Titled Tue 26th Aug Late"]
[Site "chess.com INT"]
[Date "2025.08.26"]
[Round "11"]
[White "Storey, Charles H"]
[Black "Sharankov, Grigory"]
[Result "0-1"]
[WhiteTitle "FM"]
[BlackTitle "CM"]
[WhiteElo "2095"]
[BlackElo "2238"]
[WhiteFideId "406686"]
[BlackFideId "4168356"]
[EventDate "2025.08.26"]

1. c4 e5 2. g3 Nc6 3. Bg2 Bc5 4. e3 a6 5. Ne2 Ba7 6. d4 d6 7. Nbc3 h5 8. h3 h4
9. g4 f5 10. gxf5 Bxf5 11. d5 Nce7 12. e4 Bg6 13. Be3 Bxe3 14. fxe3 Nf6 15. Qd3
c5 16. dxc6 Nxc6 17. O-O-O Rc8 18. Qxd6 Qxd6 19. Rxd6 O-O 20. Kb1 Kh7 21. b3
Rcd8 22. Rhd1 Rxd6 23. Rxd6 Nh5 24. Rd1 Rf2 25. Rg1 b5 26. cxb5 axb5 27. a3 b4
28. axb4 Nxb4 29. Bf1 Ng3 30. Nxg3 hxg3 31. Bc4 g2 32. Bd5 Rf1+ 0-1

[Event "Titled Tue 26th Aug Late"]
[Site "chess.com INT"]
[Date "2025.08.26"]
[Round "11"]
[White "Gkavardinas, Antonios"]
[Black "Becking, Stephan"]
[Result "1-0"]
[WhiteTitle "FM"]
[BlackTitle "IM"]
[WhiteElo "2297"]
[BlackElo "2410"]
[WhiteFideId "25883097"]
[BlackFideId "4632478"]
[EventDate "2025.08.26"]

1. b3 d5 2. Bb2 c6 3. g3 Bf5 4. Bg2 Nd7 5. Nf3 Ngf6 6. O-O e6 7. d3 a5 8. a4 Be7
9. Nh4 Bg6 10. Nxg6 hxg6 11. Nd2 O-O 12. e4 b5 13. axb5 cxb5 14. exd5 exd5 15.
Nf3 a4 16. bxa4 bxa4 17. Ba3 Bxa3 18. Rxa3 Qe7 19. Qa1 Nb6 20. Nd4 Qc5 21. Rb1
Rfe8 22. h3 Nfd7 23. Kh2 Rac8 24. c3 Qd6 25. Qb2 Qf6 26. Nf3 Rc5 27. Re1 Rec8
28. h4 Rxc3 29. Rxc3 Qxc3 30. Re8+ Nf8 31. Rxf8+ Rxf8 32. Qxc3 1-0

[Event "Titled Tue 26th Aug Late"]
[Site "chess.com INT"]
[Date "2025.08.26"]
[Round "11"]
[White "Bonin, Jay"]
[Black "Brilej, Jaka"]
[Result "1-0"]
[WhiteTitle "IM"]
[BlackTitle "FM"]
[WhiteElo "2077"]
[BlackElo "2334"]
[WhiteFideId "2000644"]
[BlackFideId "14618818"]
[EventDate "2025.08.26"]

1. d4 Nf6 2. c3 e6 3. Bg5 c5 4. e3 b6 5. Nd2 cxd4 6. exd4 Bb7 7. Ngf3 Be7 8. Bd3
O-O 9. Qe2 d6 10. O-O-O Nbd7 11. h4 a6 12. g4 b5 13. Rdg1 Nd5 14. Qe4 g6 15.
Bxe7 Qxe7 16. h5 N7f6 17. Qe1 Nf4 18. Bc2 b4 19. c4 Rac8 20. hxg6 fxg6 21. Rh6
Bxf3 22. Nxf3 Rxc4 23. Kb1 Rfc8 24. Bb3 R4c7 25. Ng5 Nd3 26. Qxe6+ Qxe6 27.
Bxe6+ Kg7 28. Bxc8 Kxh6 29. Bxa6 Nxf2 30. Ne6 Ra7 31. g5+ Kh5 32. gxf6 Ne4 33.
Be2+ Kh6 34. Rh1# 1-0

[Event "Titled Tue 26th Aug Late"]
[Site "chess.com INT"]
[Date "2025.08.26"]
[Round "11"]
[White "Tureshbayev, Anuar"]
[Black "Li, Yilin"]
[Result "1-0"]
[WhiteTitle "CM"]
[BlackTitle "WFM"]
[WhiteElo "2214"]
[BlackElo "1921"]
[WhiteFideId "651081709"]
[BlackFideId "8610410"]
[EventDate "2025.08.26"]

1. d4 d5 2. Bf4 Nf6 3. Nf3 e6 4. e3 c5 5. c3 a6 6. Nbd2 Nc6 7. Bd3 Nh5 8. Bg5
Be7 9. Bxe7 Qxe7 10. Qe2 Nf6 11. dxc5 Qxc5 12. O-O-O b5 13. Kb1 b4 14. c4 O-O
15. Rc1 Qb6 16. h4 Na5 17. c5 Qb8 18. g4 b3 19. a3 e5 20. g5 Ne8 21. e4 d4 22.
h5 g6 23. hxg6 fxg6 24. Nh4 Ra7 25. Nc4 Nc6 26. f3 Be6 27. Nb6 Ng7 28. Nd5 Bxd5
29. exd5 Ne7 30. d6 Nef5 31. Bc4+ Rff7 32. Nxg6 hxg6 33. Qh2 Nh5 34. Qxe5 Ne3
35. Bd5 Nxd5 36. Qxd5 Qe8 37. c6 Qd8 38. c7 Qc8 39. d7 Qxd7 40. Qxd7 Rxd7 41.
c8=Q+ Kg7 42. Qc6 d3 43. Rxh5 gxh5 44. Qf6+ Kg8 45. Rc8+ 1-0

[Event "Titled Tue 26th Aug Late"]
[Site "chess.com INT"]
[Date "2025.08.26"]
[Round "11"]
[White "Kaufman, David"]
[Black "Ruperez Benito, Antonio"]
[Result "1-0"]
[WhiteTitle "IM"]
[BlackTitle "FM"]
[WhiteElo "2447"]
[BlackElo "2328"]
[WhiteFideId "34220194"]
[BlackFideId "22245049"]
[EventDate "2025.08.26"]

1. d4 Nf6 2. c4 e6 3. Nc3 d5 4. cxd5 exd5 5. Bg5 Be7 6. e3 c6 7. Bd3 Nbd7 8. Qc2
h6 9. Bh4 Nh5 10. Bxe7 Qxe7 11. Nge2 Nb6 12. O-O-O Be6 13. Rhe1 O-O-O 14. f3 Qg5
15. Ng1 Kb8 16. f4 Qe7 17. h3 Ng3 18. f5 Bc8 19. Qf2 Ne4 20. Nxe4 dxe4 21. Qf4+
Ka8 22. Qxe4 Qb4 23. Bc2 Nc4 24. Bb3 Nd6 25. Qd3 Bxf5 26. e4 Nxe4 27. Rxe4 c5
28. dxc5 Qa5 29. Ra4 Qxc5+ 30. Rc4 Qxg1 31. Qxd8+ Rxd8 32. Rxg1 1-0